000
002550000a22000970004500
100
1
_a
Shea, William H.
245
1
0
_a
The dedication on the Nora Stone
300
_a
Vol. 41, Num. 2 (Abril, 1991), Páginas 241-245
773
0
_t
Vetus Testamentum
942
_c
ANA
999
_c
57666
_d
57666